LEADER 01076nam0 2200277 450 001 000012860 005 20090417102049.0 100 $a20080613d1939----km-y0itay50------ba 101 0 $aita 102 $aIT 105 $ay-------001yy 200 1 $a<>relazioni a stampa di ambasciatori veneti$fFrancesca Antonibon 210 $aPadova$cTipografia del seminario$d1939 215 $a151 p.$d25 cm 225 2 $aCollana di bibliografie minori$v1 300 $aIn testa al front.: R. Istituto veneto di scienze lettere e arti. Opera della bibliografia veneziana diretta da Andrea Moschetti 410 0$12001$aCollana di bibliografie minori 500 10$a<>relazioni a stampa di ambasciatori veneti$935909 610 1 $aAmbasciatori veneti$aRelazioni$aSec. 16.-18. 676 $a945.31$v19$9Storia. Venezia (provincia) 700 1$aAntonibon,$bFrancesca$0631482 801 0$aIT$bUNIPARTHENOPE$c20080613$gRICA$2UNIMARC 912 $a000012860 951 $a040S/11$b8714$cNAVA2$d2008 996 $aRelazioni a stampa di ambasciatori veneti$935909 997 $aUNIPARTHENOPE